National science foundation annual report 1987

Uloženo v:
Podrobná bibliografie
Médium: Kniha
Jazyk:Undetermined
Vydáno: Washington 1987
Témata:
Tagy: Přidat tag
Žádné tagy, Buďte první, kdo otaguje tento záznam!
Thư viện lưu trữ: Trung tâm Học liệu Trường Đại học Cần Thơ
LEADER 00406nam a2200145Ia 4500
001 CTU_98581
008 210402s9999 xx 000 0 und d
082 |a 353.0085 
082 |b N277 
245 0 |a National science foundation annual report 1987 
260 |a Washington 
260 |c 1987 
650 |a National science foundation 
904 |i Truc 
980 |a Trung tâm Học liệu Trường Đại học Cần Thơ